Applied Ctricity (Record no. 2987)

MARC details
000 -LEADER
fixed length control field 00240nam a22001217a 4500
041 ## - LANGUAGE CODE
Language code of text/sound track or separate title ENG
100 ## - MAIN ENTRY--PERSONAL NAME
Personal name Burt.H.K
245 ## - TITLE STATEMENT
Title Applied Ctricity
260 ## - PUBLICATION, DISTRIBUTION, ETC. (IMPRINT)
Place of publication, distribution, etc Delhi
Name of publisher, distributor, etc Cotton
Date of publication, distribution, etc 1991
300 ## - PHYSICAL DESCRIPTION
Extent 631
650 ## - SUBJECT ADDED ENTRY--TOPICAL TERM
Topical term or geographic name as entry element GAE (15)
856 ## - ELECTRONIC LOCATION AND ACCESS
Uniform Resource Identifier GAE (15)
Holdings
Withdrawn status Lost status Source of classification or shelving scheme Damaged status Not for loan Home library Current library Shelving location Date acquired Total Checkouts Barcode Date last seen Price effective from Koha item type
    Dewey Decimal Classification     College of Agricultural Engineering and Technology, Dapoli , Library College of Agricultural Engineering and Technology, Dapoli , Library Book Cart 15/12/2021   T00121 15/12/2021 15/12/2021 Books

Contact Us: College of Agricultural Engineering and Technology, Dapoli, Dist.- Ratnagiri
Website: https://dbskkv.org Email: caetlibrary2015@gmail.com